| 000 | nam a22 1a 4500 | ||
|---|---|---|---|
| 999 |
_c356138 _d356138 |
||
| 003 | BLK | ||
| 005 | 20200421135150.0 | ||
| 008 | 200421b bu ||||| |||| 00| 0 bu d | ||
| 040 | _aBLK | ||
| 041 |
_aRUS _cBUL |
||
| 080 |
_aОбща биология _b574/577 _x(075.3) _z574/577(075.3) |
||
| 100 | 1 |
_aАнгелов, Павел Атанасов _eпърви автор _9364405 |
|
| 139 |
_aАнгелов, Павел Атанасов и др. _bА 64 |
||
| 245 | 1 | 0 |
_aБиология _cПавел Атанасов Ангелов; съавт. Жечо Ганев; съавт. Невяна Петрова; Прев. [от бълг.] Тамара Тодорова Атанасова _bУчебник для IX кл. единой средней политехн. шк. с преподаванием на рус. яз. |
| 246 |
_aБиология _bза 9. клас на ЕСПУ с преподаване на руски език |
||
| 250 | _a3. изд. | ||
| 257 | _aBGR | ||
| 260 |
_bНар. просв. _c1987 _fСофия : Г. Димитров _9216179 _aСофия |
||
| 300 |
_a71 с. _bс ил., 4 л. цв. ил. _c24 см |
||
| 380 | _a5 | ||
| 500 | _aАвт. не са отбелязани на кор. - Пълното име на третата авт. е Невяна Петрова Димитрова. - 1. изд. 1981. - 5 082 тир. | ||
| 650 | 7 |
_aБиология - учебници за средни училища _9148699 |
|
| 653 | _aбиология | ||
| 653 | 7 |
_aучебници за средни училища _9199112 |
|
| 700 |
_9376930 _aГанев, Жечо Вичев _eсъавт. |
||
| 700 |
_9371003 _aДимитрова, Невяна Петрова _e* |
||
| 700 | 1 |
_9110178 _aПетрова, Невена _eсъавт. |
|
| 700 |
_91040 _aАтанасова, Тамара Тодорова _eпрев. от бълг. |
||
| 852 |
_aЦб 146218 _bЦб |
||
| 942 |
_cKNG _n0 _s1 |
||
| 944 |
_aCR _c2020-04-21 _kС.Т. |
||